Statistics for Idioms for Insanity

Click here to take the quiz!

General Stats

  • This quiz has been taken 37,644 times
  • The average score is 13 of 18

Answer Stats

Idiom% Correct
{Mad} as a hatter
93%
Has a {screw} loose
92%
The {lights} are on, but nobody's home
91%
Howling at the {moon}
90%
Basket {case}
86%
Off one's {rocker}
86%
Nutty as a {fruit} cake
79%
Off the {deep} end
77%
The {elevator} doesn't reach the top floor
74%
Touched in the {head}
72%
Not playing with a full {deck}
71%
Lost one's {marbles}
66%
{Stark} raving mad
66%
One {beer} short of a six pack
62%
{Cuckoo} for Coco Puffs
61%
Around the {bend}
51%
Took {leave} of one's senses
48%
Has bats in the {belfry}
41%

Score Distribution

Percentile by Number Answered

Percent of People with Each Score

Your Score History

You have not taken this quiz